logo

Bir Sreshtho Munshi Abdur Rouf Library
Jhenaidah Cadet College

ইসলামী ভূগোল / (Record no. 12359)

MARC details
000 -LEADER
fixed length control field 00917nam a2200229 a 4500
001 - CONTROL NUMBER
JCCL Control Number 12359
003 - CONTROL NUMBER IDENTIFIER
JCCL marc code BD-JhCC
005 - DATE AND TIME OF LATEST TRANSACTION
control field 20221011134023.0
008 - FIXED-LENGTH DATA ELEMENTS--GENERAL INFORMATION
fixed length control field 210614s2019 bg a|||| |||| 000 0 mul d
035 ## - SYSTEM CONTROL NUMBER
system control number (BD-JhCC)12359
040 ## - CATALOGING SOURCE
Original cataloging agency BD-JhCC
Modifying agency BD-JhCC
041 ## - LANGUAGE CODE
Language code of Book Bengla
041 ## - LANGUAGE CODE
Language code of Book Arabic
082 ## - DEWEY DECIMAL CLASSIFICATION NUMBER
Classification number 911.74927
Author mark and Year UDD 2019
100 ## - MAIN ENTRY--PERSONAL NAME
Personal name উদ্দীন, মাওলানা মুহাম্মাদ হেমায়েত
245 ## - TITLE STATEMENT
Title ইসলামী ভূগোল /
Statement of responsibility, etc মাওলানা মুহাম্মাদ হেমায়েত উদ্দীন
260 ## - PUBLICATION, DISTRIBUTION, ETC. (IMPRINT)
Place of publication, distribution, etc ঢাকা :
Name of publisher, distributor, etc ইতিহাস ও ভূগোল প্রকাশনা,
Date of publication, distribution, etc ২০১৯।
300 ## - PHYSICAL DESCRIPTION
Pagination ৪০০ পৃ. :
Other physical details চিত্রাবলী অর্ন্তভূক্ত।
Dimensions ২২ সেমি.
650 ## - SUBJECT ADDED ENTRY--TOPICAL TERM
Topical term or geographic name as entry element Geography,
Geographic subdivision Arab
650 ## - SUBJECT ADDED ENTRY--TOPICAL TERM
Topical term or geographic name as entry element Geography,
Geographic subdivision Medieval
942 ## - ADDED ENTRY ELEMENTS (KOHA)
Source of classification or shelving scheme Dewey Decimal Classification
Koha item type Books
Koha issues (borrowed), all copies 3
Holdings
Source of classification or shelving scheme Damaged status Not for loan Home library Current library Shelving location Date of accession Cost, normal purchase price Total Checkouts Full call number Barcode Date last seen Date checked out Copy number Koha item type
Dewey Decimal Classification     JCC Rouf Library JCC Rouf Library General Stacks 06/14/2021 605.00 3 911.74927 UDD 2019 16944 08/06/2024 05/30/2024 C-1 Books

JCC Library | Contacts | JCC Home

Last Update on 23 September 2017
Copyright @ 2017-2020 JCC Rouf Library
Rouf Library, Jhenidah Cadet College (JCC), Bangladesh